Statistics for NBA Players January Celebrants.

Click here to take the quiz!

General Stats

  • This quiz has been taken 7 times
  • The average score is 13 of 31

Answer Stats

Birth DateHintAnswer% Correct
January 26Greatest Dunker of All time. PERIOD.Vince Carter
83%
January 301978 1st overall draft pick, Father of one the Splash BrothersMychal Thompson
83%
January 17The greatest player in Miami Heat HistoryDwyane Wade
83%
January 1Born and raised in Ohio, Currently playing for Cleveland Cavaliers, Son of a retired Cavs LegendLarry Nance Jr.
67%
January 21Popularized the move "Dream Shake."Hakeem Olajuwon
67%
January 9The Smallest player to ever set foot in the NBAMuggsy Bogues
67%
January 28A 6th Man Forward who won the NBA Finals MVP in 2015 notably by guarding and limiting LeBron JamesAndre Iguodala
67%
January 12One of the best dunkers in NBA history, Nicknamed the Human-Highlight FilmDominique Wilkins
67%
January 22Infamousl for being a bust and he was drafted before Kevin DurantGreg Oden
50%
January 20Won back to back Slam Dunk Champion while playing for the Golden State WarriorsJason Richardson
50%
January 18He won the NCAA championship while playing in Louisville, He was born and raised in Senegal.Gorgui Dieng
50%
January 29A second round draftee Spanish Center who was traded immediately to his elder brother.Marc Gasol
50%
January 24Played his whole career with the Jazz, He Leads the All-time Season, Playoffs & Career Blocks per game.Mark Eaton
50%
January 6Nicknamed Agent Zero to signify the number of minutes that experts predicted he would play in the NBA.Gilbert Arenas
50%
January 11A defensive shooting guard who guarded Kobe Bryant in 2008 Finals to win his only Championship.Tony Allen
50%
January 5A secound round pick in 1976 but considered by many to be the greatest player in Denver Nuggets History.Alex English
50%
January 4Currently playing for the Cavaliers, He is the most blocked player for the 2019-2020 Season.Collin Sexton
50%
January 10The 1st overall draft pick in 1994Glen Robinson
33%
January 2Retired Point guard, drafted by Chicago, He is the Bulls' all-time leader in three-point field goals.Kirk Hinrich
33%
January 8The Son of the 1st overall draft pick in 1994Glen Robinson III
33%
January 7Drafted by the bulls but immedially traded to the Warriors, Won a championship in his Rookie yearJordan Bell
33%
January 19Being featured regulary in Shaqtin-a-fool, earning the nickname Tragic BrunsonJaVale McGee
33%
January 133x NBA Champion: 2006 Miami Heat(Player), 2008 Boston Celtics(Player) & 2016 Clevelanda Cavaliers(assistant coach)James Posey
33%
January 27A Backup PF/C in the 1996 Bulls roster who won the NBA Championship, He Died in 2015Jack Haley
17%
January 16A chinese center who previously played with the Houston Rockets before being waved in 2018.Zhou Qi
17%
January 142010 NBA most improved playerAaron Brooks
17%
January 312x NCAA champion with Villanova, Drafted 17th overall in 2018 by the Milwaukee BucksDonte DiVincenzo
17%
January 25A Hall of Famer whose number(15) was retired by the New York KnicksDick McGuire
0%
January 23He is known for being a versatile and athletic guard with strong defensive abilities, He is the 2005 NBA Steals leader.Larry Hughes
0%
January 15The 6th overall draft pick in 1990, he made the All-NBA rookie Second teamFelton Spencer
0%
January 3A forward from the Toronto Raptors and was drafted by the Blazers in 2015 with the 23rd pick.Rondae Hollis-Jefferson
0%

Score Distribution

Percentile by Number Answered

Percent of People with Each Score

Your Score History

You have not taken this quiz